zoom in quiz - Statistics

General Stats
  • This quiz has been taken 71 times
    32 since last reset
  • The average score is 8 of 12
Answer Stats
Picture Answer % Correct
tomato
96%
apple
89%
laptop
89%
pencil
89%
chick
86%
rose
86%
leaf
64%
cat
57%
youtube logo
54%
butter
43%
chocolate
32%
flashlight
14%
No matching quizzes found
Score Distribution
Percent of People with Each Score
Percentile by Number Answered
Your Score History
You have not taken this quiz since the last reset